VI Congreso Colombiano de Botánica, Cali, 11-15, Agosto 2011 : (Registro nro. 7349)
[ vista simple ]
| 000 -CABECERA | |
|---|---|
| Campo de control | 00754nam a22002057a 4500 |
| 005 - FECHA Y HORA DE LA ULTIMA TRANSACCION | |
| Campo de control | 20150813020002.0 |
| 008 - ELEMENTOS DE LONGITUD FIJA—INFORMACION GENERAL | |
| Campo de control | 130708b2001 ck ||||| |||| 00| 0 spa d |
| 041 ## - IDIOMA | |
| Código de idioma para texto/pista de sonido o título separado | Alemán |
| 044 ## - PAÍS DE PUBLICACIÓN | |
| País de publicación | Colombia |
| 082 ## - NUMERO DE CLASIFICACION DECIMAL DEWEY | |
| Número de clasificación | 580 |
| Número del ítem | S678c |
| 111 2# - ASIENTO PRINCIPAL--NOMBRE DE REUNION | |
| Nombre de reunión o de jurisdicción como elemento de entrada | VI Congreso Colombiano de Botánica |
| Fecha de la reunión | 2011 : |
| Lugar de la reunión | Cali , Colombia. |
| 245 10 - MENCION DE TITULO | |
| Título | VI Congreso Colombiano de Botánica, Cali, 11-15, Agosto 2011 : |
| Parte restante del título | Memorias |
| 260 ## - PUBLICACION, DISTRIBUCION, ETC. (PIE DE IMPRENTA) | |
| Lugar de publicación, distribución, etc. | Cali, colombia |
| Nombre del editor, distribuidor, etc. | Sociedad Colombiana del Bambú. |
| Fecha de publicación, distribución, etc. | 2011. |
| 300 ## - DESCRIPCION FISICA | |
| Extensión | 58 p., |
| Dimensiones | 21 cm. |
| 500 ## - NOTA GENERAL | |
| Nota general | Programación |
| 610 24 - ASIENTO SECUNDARIO DE MATERIA - NOMBRE CORPORATIVO | |
| Nombre corporativo o nombre de la jurisdicción como elemento de entrad | Sociedad Colombiana del Bambú |
| Subdivisión de forma | Congresos, conferencias, etc |
| 650 ## - ASIENTO SECUNDARIO DE MATERIA - TERMINO TEMATICO | |
| Término temático o nombre geográfico como elemento de entrada | Biodiversidad |
| Subdivisión de forma | Congresos y conferencias. |
| 650 ## - ASIENTO SECUNDARIO DE MATERIA - TERMINO TEMATICO | |
| Término temático o nombre geográfico como elemento de entrada | Botánica |
| Subdivisión de forma | Congresos y conferencias. |
| 942 ## - ELEMENTOS ADICIONALES (KOHA) | |
| Sistema de clasificación | Dewey Decimal Classification |
| Tipo de ítem | |
| Koha issues (borrowed), all copies | 1 |
| Withdrawn status | Lost status | Sistema de Clasificación | Damaged status | No para préstamo | Colección | Inventariado | Ubicación Permanente | Ubicación actual | Fecha de adquisición | Fuente de Valor | Valor | Total Checkouts | Número topográfico | Inventario / Código de Barras | Date last seen | Date checked out | Ejemplar | Price effective from | Forma de adquisición | Tipo de material |
|---|---|---|---|---|---|---|---|---|---|---|---|---|---|---|---|---|---|---|---|---|
| Dewey Decimal Classification | General | Inventariado 2017 | Bogotá | Bogotá | 08/07/2013 | Instituto | 39000.00 | 1 | LB-580 S678c | 028483 | 12/08/2015 | 12/08/2015 | Ej. 1 | 08/07/2013 | Donación | Libro | ||||
| Local | Recursos electrónicos | Bogotá | Bogotá | 27/11/2013 | MM-00387 | 028484 | 27/11/2013 | Ej. 1 | 27/11/2013 | Donación | CD-ROM |